000 00310nam a2200145Ia 4500
100 _aLeon/A/ Leon/M
650 _aDatabase
942 _cBK
245 _aDatabase Management Systems
260 _bLeon Vikas
_aMumbai
_c1999
082 _a005.74/LEO
_bLEO
300 _a988
546 _aENGLISH
999 _c35198
_d35198